00258 a2200121 4500001000700000020001400007040003500021100002700056240002100083245001600104300000700120362000900127156347 a856241532 cEscola São Tomás de Aquino aMACEDO, Joaquim Manuel10aA moreninhalpor10aA moreninha a950 a2001